[Event "ROM-chT2"]
[Site "Slanic Moldova"]
[Date "2017.10.03"]
[Round "4.1"]
[White "Ciobanu, Aurelian"]
[Black "Vrencian, Lehel"]
[Result "1/2-1/2"]
[WhiteElo "2172"]
[BlackElo "2344"]
[PlyCount "67"]
[EventDate "2017.09.30"]
[EventType "team-tourn"]
[EventRounds "9"]
[EventCountry "ROU"]
[SourceTitle "CBM 181 Extra"]
[Source "ChessBase"]
[SourceDate "2017.12.12"]
[SourceVersion "1"]
[SourceVersionDate "2017.12.12"]
[SourceQuality "1"]
[WhiteTeam "Husi"]
[BlackTeam "Otopeni"]
[WhiteTeamCountry "ROU"]
[BlackTeamCountry "ROU"]

1. e4 c5 2. Nf3 e6 3. d3 Nc6 4. g3 Nf6 5. Bg2 Be7 6. 0-0 0-0 7. Re1 d5 8. Nbd2 b5 9. e5 Nd7 10. Nf1 a5 11. h4 h6 12. N1h2 Re8 13. Bf4 Bf8 14. Qd2 c4 15. d4 b4 16. Ng4 Kh7 17. c3 a4 18. Qc2+ Kg8 19. Qc1 Qe7 20. Bg5 hxg5 21. hxg5 a3 22. bxa3 bxc3 23. Qf4 Qxa3 24. Nf6+ Nxf6 25. gxf6 c2 26. Bf1 Ne7 27. fxe7 Bxe7 28. Kg2 Qb2 29. Rac1 Rxa2 30. Be2 Bd8 31. Rh1 Qa3 32. Ng5 Bxg5 33. Qxg5 Qc3 34. Rh4 1/2-1/2